01013nam a2200217 a 450000100100000000500170001000800410002702000180006804000250008610000420011124500700015326000380022330000310026150000320029250000640032450000630038895201110045195201050056295201110066799900170077800004485820201002045701.0150114s2014 dr c 001 0 spa d a9789945166187 aDO-SdBNPbspacBNPHU1 aMontalvo C., Rafael V.d1910 -97287210aDiez Visiones de José Báez Guerrero. /cRafael V. Montalvo C. aSanto Domingo :bMontalvo,c2014. a124 p. :bretrs. ;c23 cm. aIncluye índice de nombres aIncluye datos biografícos en la solapa y la contraportada aEdición conmemorativa del centenario de editora Montalvo 0010718DSaGRbGRcCTd2015-01-14iLF1l0o p44858-30r2020-06-25te. 3w2020-06-25yLFDSZNo se presta 0010718PDaPDbPDcCTd2015-01-14iLF1l0o p44858-10r2020-06-25w2020-06-25yLFPDZNo se presta 0010718PDaPDbPDcCTd2015-01-14iLF1l0o p44858-20r2020-06-25te. 2w2020-06-25yLFPDZNo se presta c44347d44347